Teoría i crítica del teatre / Alexandre Plana ; a cura de Iolanda Pelegrí
Descripción Física:
153 p. ; 21'5 cm
Colección:
Monografies de teatre ; 5
Otros Autores:
Pelegrí, Iolanda, ed
MARC
| LEADER | 00000nam a2200000Ia 4500 | ||
|---|---|---|---|
| 001 | 6866 | ||
| 008 | 160829s1976 xx 000 0 cat d | ||
| 080 | |a B-1-163 | ||
| 100 | |a Plana, Alexandre |9 25860 | ||
| 245 | |a Teoría i crítica del teatre / Alexandre Plana ; a cura de Iolanda Pelegrí | ||
| 260 | |a Barcelona : |b Institut del Teatre : |b Edicions 62, |c 1976 | ||
| 300 | |a 153 p. ; |c 21'5 cm | ||
| 490 | |a Monografies de teatre ; 5 | ||
| 650 | |a Teatre |x Catalunya |x Història |9 35903 | ||
| 650 | |a Crítica teatral |x Catalunya |9 35904 | ||
| 650 | |a Teatre |x Història i crítica |9 20928 | ||
| 700 | |a Pelegrí, Iolanda, ed. |9 35905 | ||
| 710 | 1 | |a Institut del Teatre (Barcelona, Catalunya) |9 52662 | |
| 901 | |a Arxiu | ||
| 942 | |n 1 | ||
| 952 | |0 0 |1 0 |4 0 |6 B1163 |7 1 |9 47116 |a Arxiu |b Arxiu |d 2016-12-01 |l 0 |o B-1-163 |p 6866 |r 2016-12-01 00:00:00 |w 2016-12-01 |y ARXIU | ||
| 999 | |c 50911 |d 50911 | ||